Statistics for Ancient megastructures - Picture quiz

Click here to take the quiz!

General Stats

  • This quiz has been taken 59 times
  • The average score is 7 of 18

Answer Stats

Answer% Correct
Colosseum
100%
{Angkor} Wat
88%
Machu Picchu
86%
{Great Wall} of China
83%
The {Great Pyramid}
79%
The {Parthenon}
74%
Hagia Sophia
67%
Pyramid of the {Sun}
36%
{Pharos} Lighthouse
19%
Mausoleum at {Halicarnassus}
14%
{Kailasha} Temple
10%
Borobudur
7%
Giant {Wild Goose} Pagoda
2%
{La Danta} Temple
2%
The Great Pyramid of {Cholula}
2%
Ziggurat of {Etemenanki}
2%
Al-Khazneh
0%
{Nemi} Ships
0%

Score Distribution

Percentile by Number Answered

Percent of People with Each Score

Your Score History

You have not taken this quiz